| 000 | 00468pab a2200169 454500 | ||
|---|---|---|---|
| 008 | 180718b2013 xxu||||| |||| 00| 0 eng d | ||
| 100 | _aJain, Manisha | ||
| 245 | _aEmployment outcomes of renewable energy technologies: Implications of policies in India (Notes) | ||
| 260 | _c2013 | ||
| 300 | _ap.84-89. | ||
| 362 | _a16 Feb | ||
| 650 | _aEmployment | ||
| 700 | _aPatwardhan, Anand | ||
| 773 | _aEconomic and Political Weekly | ||
| 908 | _aN | ||
| 909 | _a102327 | ||
| 999 |
_c102325 _d102325 |
||